Dirty wars : (Record no. 14510)

000 -LEADER
fixed length control field 01900cam a2200337 i 4500
001 - CONTROL NUMBER
control field 17588439
005 - DATE AND TIME OF LATEST TRANSACTION
control field 20170105102856.0
008 - FIXED-LENGTH DATA ELEMENTS--GENERAL INFORMATION
fixed length control field 130111s2013 nyuabf b 001 0 eng
010 ## - LIBRARY OF CONGRESS CONTROL NUMBER
LC control number 2012051769
020 ## - INTERNATIONAL STANDARD BOOK NUMBER
International Standard Book Number 9781568586717 (hbk.)
040 ## - CATALOGING SOURCE
Original cataloging agency DLC
Language of cataloging eng
Transcribing agency DLC
Description conventions rda
Modifying agency DLC
042 ## - AUTHENTICATION CODE
Authentication code pcc
043 ## - GEOGRAPHIC AREA CODE
Geographic area code n-us---
050 00 - LIBRARY OF CONGRESS CALL NUMBER
Classification number E897
Item number .S33 2013
082 00 - DEWEY DECIMAL CLASSIFICATION NUMBER
Classification number 355.00973
Edition number 23
100 1# - MAIN ENTRY--PERSONAL NAME
Personal name Scahill, Jeremy.
245 10 - TITLE STATEMENT
Title Dirty wars :
Remainder of title the world is a battlefield /
Statement of responsibility, etc. Jeremy Scahill.
300 ## - PHYSICAL DESCRIPTION
Extent xxiv, 642 pages, 8 pages of plates :
Other physical details color illustrations, maps ;
Dimensions 25 cm
504 ## - BIBLIOGRAPHY, ETC. NOTE
Bibliography, etc. note Includes bibliographical references (pages 531-613) and index.
505 0# - FORMATTED CONTENTS NOTE
Formatted contents note Prologue -- Washington, DC 2001-2002 -- The United States and Yemen, 1971-2002 -- Washington, 1979-2001 -- Yemen, 1970-2001; Washington, DC, 2001 -- The United Kingdom, the United States and Yemen, 2002-2003 -- Washington, DC, Yemen and Djibouti, 2002 -- Washington, DC, 2002 -- Washington, DC, 2002-2003 -- The United States, 1974-2003, Iraq 2003 -- Somalia, 1993-2004 -- Yemen, 2003-2006 -- United Kingdom, 2003 -- Iraq, 2003-2005.
650 #0 - SUBJECT ADDED ENTRY--TOPICAL TERM
Topical term or geographic name entry element Special operations (Military science)
Geographic subdivision United States
General subdivision History
Chronological subdivision 21st century.
650 #0 - SUBJECT ADDED ENTRY--TOPICAL TERM
Topical term or geographic name entry element Terrorism
General subdivision Prevention
Geographic subdivision United States
General subdivision Government policy
-- History
Chronological subdivision 21st century.
650 #0 - SUBJECT ADDED ENTRY--TOPICAL TERM
Topical term or geographic name entry element Targeted killing
Geographic subdivision United States
General subdivision History
Chronological subdivision 21st century.
650 #0 - SUBJECT ADDED ENTRY--TOPICAL TERM
Topical term or geographic name entry element Intelligence service
Geographic subdivision United States
General subdivision History
Chronological subdivision 21st century.
651 #0 - SUBJECT ADDED ENTRY--GEOGRAPHIC NAME
Geographic name United States
General subdivision History, Military
Chronological subdivision 21st century.
651 #0 - SUBJECT ADDED ENTRY--GEOGRAPHIC NAME
Geographic name United States
General subdivision Military policy
-- History
Chronological subdivision 21st century.
651 #0 - SUBJECT ADDED ENTRY--GEOGRAPHIC NAME
Geographic name United States
General subdivision Military policy
-- Moral and ethical aspects.
906 ## - LOCAL DATA ELEMENT F, LDF (RLIN)
a 7
b cbc
c orignew
d 1
e ecip
f 20
g y-gencatlg
942 ## - ADDED ENTRY ELEMENTS (KOHA)
Source of classification or shelving scheme
Koha item type Book
Holdings
Withdrawn status Lost status Damaged status Not for loan Collection code Permanent Location Current Location Shelving location Date acquired Total Checkouts Full call number Barcode Date last seen Price effective from Koha item type
          Centre for International Peace & Stability (CIPS) Centre for International Peace & Stability (CIPS) General Stacks 09/05/2013   355.00973 SCA 2013 CIPS0000821 09/05/2013 09/05/2013 Book
          Centre for International Peace & Stability (CIPS) Centre for International Peace & Stability (CIPS) General Stacks 10/01/2013   355.00973 SCA 2013 CIPS0001216 10/29/2013 10/29/2013 Book
© 2023 Central Library, National University of Sciences and Technology. All Rights Reserved.